000
00241nam a22000977a 4500
040
_c
sy
100
_a
ង៉ោ ប៊ុនថាន
245
_a
ការអភិវឌ្ឍន៍គំរោង
260
_a
RUA
_b
ឯក
_c
2004
942
_c
KB
999
_c
8497
_d
8497